Aportaciones al estudio de la antiobiótico resistencia microbiana "in vivo" (Record no. 175146)

MARC details
000 -LEADER
campo de control de longitud fija 01096nam a22002655i 4500
001 - NÚMERO DE CONTROL
campo de control 175146
003 - IDENTIFICADOR DE NÚMERO DE CONTROL
campo de control ES-MaACL
005 - FECHA Y HORA DE LA ÚLTIMA TRANSACCIÓN
campo de control 20250815103932.0
008 - DATOS DE LONGITUD FIJA--INFORMACIÓN GENERAL
campo de control de longitud fija 101007s1962 sp do |||| | spa d
080 ## - NÚMERO DE LA CLASIFICACIÓN DECIMAL UNIVERSAL
Número de la Clasificación Decimal Universal 615.33
080 ## - NÚMERO DE LA CLASIFICACIÓN DECIMAL UNIVERSAL
Número de la Clasificación Decimal Universal 579
100 1# - ENTRADA PRINCIPAL--NOMBRE DE PERSONA
Nombre de persona Portolés Alonso, Antonio.
9 (RLIN) 93294
245 10 - MENCIÓN DEL TÍTULO
Título Aportaciones al estudio de la antiobiótico resistencia microbiana "in vivo"
Resto del título : premio "Alonso de Herrera", 1958 /
Mención de responsabilidad, etc. Antonio Portolés Alonso.
260 ## - PUBLICACIÓN, DISTRIBUCIÓN, ETC.
Lugar de publicación, distribución, etc. Madrid :
Nombre del editor, distribuidor, etc. Consejo Superior de Investigaciones Científicas,
Fecha de publicación, distribución, etc. 1962.
300 ## - DESCRIPCIÓN FÍSICA
Extensión 87 p., [4] h. de gráf. pleg., [1] h., [70] p. de fot. ;
Dimensiones 25 cm.
490 1# - MENCIÓN DE SERIE
Mención de serie Monografías de ciencia moderna ;
Designación de volumen o secuencia 65
490 1# - MENCIÓN DE SERIE
Mención de serie Instituto "Jaime Ferrán" de Microbiología ;
Designación de volumen o secuencia 2
650 14 - PUNTO DE ACCESO ADICIONAL DE MATERIA--TÉRMINO DE MATERIA
Término de materia o nombre geográfico como elemento de entrada Antibióticos.
9 (RLIN) 9849
650 04 - PUNTO DE ACCESO ADICIONAL DE MATERIA--TÉRMINO DE MATERIA
Término de materia o nombre geográfico como elemento de entrada Microbiología.
9 (RLIN) 15023
710 2# - ENTRADA AGREGADA--NOMBRE DE ENTIDAD CORPORATIVA
Nombre de entidad corporativa o nombre de jurisdicción como elemento de entrada Consejo Superior de Investigaciones Científicas (España)
9 (RLIN) 3236
830 0# - PUNTO DE ACCESO ADICIONAL DE SERIE-TÍTULO UNIFORME
Título uniforme Monografías de ciencia moderna
Designación de volumen o secuencia 65
9 (RLIN) 189470
830 0# - PUNTO DE ACCESO ADICIONAL DE SERIE-TÍTULO UNIFORME
Título uniforme Instituto "Jaime Ferrán" de Microbiología ;
Designación de volumen o secuencia 2
9 (RLIN) 189530
852 ## - LOCALIZACIÓN
Ubicación ES-MaACL
Número de control de estantería E-13329
Encuadernación Olim P-555 bis
Holdings
Estatus retirado Estado de pérdida Estado de daño No para préstamo Biblioteca de origen Biblioteca actual Ubicación en estantería Fecha de adquisición Fuente de adquisición Total de préstamos Signatura topográfica completa Código de barras Visto por última vez Precio de reemplazo Tipo de ítem Koha
        Biblioteca del Ateneo de Madrid Biblioteca del Ateneo de Madrid Depósito 2 08/10/2010     E-13329 1183911 23/02/2023 23/02/2023 Libro impreso